Lobbying as legislative subsidy (Record no. 71300)

000 -LEADER
fixed length control field 00443pab a2200181 454500
008 - FIXED-LENGTH DATA ELEMENTS--GENERAL INFORMATION
fixed length control field 180718b2006 xxu||||| |||| 00| 0 eng d
100 ## - MAIN ENTRY--PERSONAL NAME
Personal name Hall, Richard L.
245 ## - TITLE STATEMENT
Title Lobbying as legislative subsidy
260 ## - PUBLICATION, DISTRIBUTION, ETC.
Date of publication, distribution, etc. 2006
300 ## - PHYSICAL DESCRIPTION
Extent p.69-84.
362 ## - DATES OF PUBLICATION AND/OR SEQUENTIAL DESIGNATION
Dates of publication and/or sequential designation Feb
650 ## - SUBJECT ADDED ENTRY--TOPICAL TERM
Topical term or geographic name entry element Lobbying
650 ## - SUBJECT ADDED ENTRY--TOPICAL TERM
Topical term or geographic name entry element Lobbying
650 ## - SUBJECT ADDED ENTRY--TOPICAL TERM
Topical term or geographic name entry element Interest groups
700 ## - ADDED ENTRY--PERSONAL NAME
Personal name Deardorff, Alan V.
773 ## - HOST ITEM ENTRY
Main entry heading American Political Science Review
909 ## -
-- 71300
Holdings
Withdrawn status Lost status Damaged status Not for loan Permanent Location Current Location Date acquired Serial Enumeration / chronology Barcode Date last seen Price effective from Koha item type
        Indian Institute of Public Administration Indian Institute of Public Administration 2018-07-19 Volume no: 100, Issue no: 1 AR71760 2018-07-19 2018-07-19 Articles

Powered by Koha